000 01002nam a2200253 a 4500
008 181015s2011 ||||||||||||||||| || u
020 _a9780857295248
020 _a0857295241
050 _aQ 325.5 Vel
100 _aVeloso, Adriano
245 1 0 _aDemand-driven associative classification
_cAdriano Veloso, Wagner Meira Jr.
260 _aLondon:
_bSpringer
_c2011
300 _axiii, 112 p. : ill. ; 24 cm.
350 _a45.14
490 _aSpringerBriefs in computer science
500 _aIncludes bibliographical references and index.
650 0 _aINFORMATION RETRIEVAL
650 0 _aMACHINE LEARNING
650 0 _aDATABASE MANAGEMENT
700 _aMeira, Wagner
856 _uhttp://www.loc.gov/catdir/enhancements/fy1304/2011276752-d.html
856 _uhttp://www.loc.gov/catdir/enhancements/fy1304/2011276752-t.html
995 _FCBU-MAIN LIBRARY (Kitwe)
_I45.14
_M1
_UAVAILABLE
_WOct 15, 2018
_ZMain Library Open Access Collection
999 _c39571
_d39571